NBA 75th Anniversary Team - Statistics

General Stats
  • This quiz has been taken 41 times
  • The average score is 50 of 76
Answer Stats
Team Player % Correct
Bulls Michael Jordan
97%
Bulls Scottie Pippen
93%
Warriors Stephen Curry
93%
Spurs David Robinson
90%
Jazz Karl Malone
90%
Celtics Larry Bird
90%
76ers Moses Malone
90%
Lakers Jerry West
87%
Lakers Kobe Bryant
87%
Cavaliers Lebron James
87%
Spurs Tim Duncan
87%
Lakers Wilt Chamberlain
87%
Mavericks Dirk Nowitzki
83%
Pistons Isiah Thomas
83%
Lakers Magic Johnson
83%
Suns Charles Barkley
80%
Hawks Dominique Wilkins
80%
Rockets Hakeem Olajuwon
80%
Celtics Kevin Garnett
80%
Lakers Shaquille O'Neal
80%
Celtics Bill Russell
77%
Celtics Bob Cousy
77%
Bucks Giannis Antetokounmpo
77%
Rockets James Harden
77%
Jazz John Stockton
77%
76ers Julius Erving
77%
Lakers Kareem Abdul-Jabbar
77%
Warriors Kevin Durant
77%
Hawks Lenny Wilkens
77%
Celtics Paul Pierce
77%
Celtics Robert Parish
77%
Thunder Russell Westbrook
77%
Trail Blazers Bill Walton
73%
Trail Blazers Damian Lillard
73%
Lakers Elgin Baylor
73%
Celtics Kevin McHale
73%
Knicks Patrick Ewing
73%
Celtics Ray Allen
73%
Hawks Bob Pettit
70%
Trail Blazers Clyde Drexler
70%
Pistons Dennis Rodman
70%
Heat Dwayne Wade
70%
Lakers James Worthy
70%
Bullets Wes Unseld
70%
76ers Allen Iverson
67%
Clippers Chris Paul
67%
Spurs George Gervin
67%
Bucks Oscar Robertson
67%
Suns Steve Nash
67%
Bullets Elvin Hayes
63%
SuperSonics Gary Payton
63%
Jazz Pete Maravich
63%
Braves Bob McAdoo
60%
Nets Jason Kidd
60%
Lakers George Mikan
57%
Knicks Willis Reed
57%
Spurs Kawhi Leonard
53%
Pacers Reggie Miller
53%
Lakers Anthony Davis
50%
Knicks Carmelo Anthony
50%
Warriors Rick Barry
50%
Celtics Sam Jones
50%
Knicks Walt Frazier
50%
Celtics Dave Cowens
47%
Celtics Nate Archibald
47%
Nationals Dolph Schayes
43%
76ers Hal Greer
40%
Warriors Nate Thurmond
37%
76ers Billy Cunningham
33%
Knicks Dave Debusschere
33%
Knicks Earl Monroe
33%
Pistons Dave Bing
23%
Knicks Jerry Lucas
23%
Celtics Bill Sharman
20%
Celtics John Havlichek
10%
Warriors Paul Arzin
10%
No matching quizzes found
Score Distribution
Percent of People with Each Score
Percentile by Number Answered
Your Score History
You have not taken this quiz